Pink Panda - állatkísérletmentes kozmetikumok forgalmazója

Bibliographic Details
Main Author: Pocsai Beáta
Other Authors: Németh Dr. Patrícia
Format: Thesis
Kulcsszavak:Pink Panda
állatkísérletmentes
cruelty-free
Online Access:http://dolgozattar.uni-bge.hu/15471

MARC

LEADER 00000nta a2200000 i 4500
001 dolg15471
005 20180912114457.0
008 180504suuuu hu om 000 hun d
040 |a BGE Dolgozattár Repozitórium  |b hun 
041 |a hu 
100 1 |a Pocsai Beáta 
245 1 0 |a Pink Panda - állatkísérletmentes kozmetikumok forgalmazója  |c Pocsai Beáta  |h [elektronikus dokumentum] 
695 |a Pink Panda 
695 |a állatkísérletmentes 
695 |a cruelty-free 
700 1 |a Németh Dr. Patrícia  |e ths 
856 4 0 |u http://dolgozattar.uni-bge.hu/15471/1/Pink%20Panda%20-%20%C3%A1llatk%C3%ADs%C3%A9rletmentes%20kozmetikumok%20forgalmaz%C3%B3ja%20V%C3%89GLEGES.pdf  |z Dokumentum-elérés